Chronique annuelle de droit pénal militaire (1993-1994)

Guardado en:  
Detalles Bibliográficos
Autores principales: Andries, A. (Autor) ; Gorlé, F. (Autor)
Tipo de documento: Print Artículo
Lenguaje:Francés
Publicado: 1994
En: Revue de droit pénal et de criminologie
Año: 1994, Volumen: 74, Número: 12, Páginas: 1235-1255
Verificar disponibilidad: HBZ Gateway
Palabras clave:

MARC

LEADER 00000caa a22000002c 4500
001 1639421653
003 DE-627
005 20220608125015.0
007 tu
008 160223s1994 xx ||||| 00| ||fre c
035 |a (DE-627)1639421653 
035 |a (DE-576)455860777 
035 |a (DE-599)BSZ455860777 
040 |a DE-627  |b ger  |c DE-627  |e rakwb 
041 |a fre 
100 1 |a Andries, A.  |4 aut 
245 1 0 |a Chronique annuelle de droit pénal militaire (1993-1994)  |c A. Andries, F. Gorlé 
264 1 |c 1994 
336 |a Text  |b txt  |2 rdacontent 
337 |a ohne Hilfsmittel zu benutzen  |b n  |2 rdamedia 
338 |a Band  |b nc  |2 rdacarrier 
700 1 |a Gorlé, F.  |4 aut 
773 0 8 |i In  |t Revue de droit pénal et de criminologie  |d Bruxelles : La Charte, 1907  |g 74(1994), 12, Seite 1235-1255  |w (DE-627)129502960  |w (DE-600)208677-3  |w (DE-576)014905795  |x 0035-4384  |7 nnas 
773 1 8 |g volume:74  |g year:1994  |g number:12  |g pages:1235-1255 
935 |a mkri 
951 |a AR 
ELC |b 1 
LOK |0 000 xxxxxcx a22 zn 4500 
LOK |0 001 330000490X 
LOK |0 003 DE-627 
LOK |0 004 1639421653 
LOK |0 005 20250212130742 
LOK |0 008 160208||||||||||||||||ger||||||| 
LOK |0 040   |a DE-21-110  |c DE-627  |d DE-21-110 
LOK |0 689   |a s  |a Militärstrafrecht 
LOK |0 689   |a s  |a Belgien 
LOK |0 852   |a DE-21-110 
LOK |0 852 1  |m p  |9 00 
LOK |0 935   |a k110 
LOK |0 938   |k p 
LOK |0 939   |a 08-02-16  |b l01 
ORI |a SA-MARC-krimdoka001.raw